000 00427nam a22001577a 4500
003 SGT
020 _a9780307346254
082 _a294.3444,GOL
100 _aDANIEL, GOLEMAN
245 _aTHE JOY OF LIVING
260 _aNEW YORK
_bHARMONY BOOKS
_c2007
300 _a272
650 _aRELIGIONS OF INDIC ORIGIN ( BUDDHISM)
653 _aTHE JOURNEY BEGINS,THE INNER SYMPHONY,BEYOND THE MIND BEYOND REALITY
942 _2ddc
_cFCM
999 _c9478
_d9478